00946nam a2200253 a 450000100060000000300080000600500170001400800410003103500190007204000320009104100080012308200240013110000450015524500490020026001090024930000210035849000250037965000460040465000370045083000340048794200120052199900170053395201420055051590BD-RjUL20211209075702.0160831r19621961xx 000 0 eng u a(BD-RjUL)51710 aORLdUKMdEQObengcBD-RjUL aeng a448.5223bJET 19621 aJenkins, E. S.q(Edward Stanley)915420510aTeach yourself French grammar /cE.S.Jenkins aN.Y., London :bPub. for the English Universities Press by David McKay,cc1961 [ Third impression 1962 ] a167 p. ;c18 cm.1 aTeach yourself books 0aFrench languagevSelf-instruction9154206 0aFrench languagexGrammar9154207 0aTeach yourself books.9154209 2ddccBK c51590d51590 00102ddc40708NFICaRUCLbRUCLcStackd1967-05-17eUniversity Pressg4.50l0o448.5 JET 1962r2016-08-31 00:00:00tC-2w2016-08-31yBK